[Event "Timisoara Foisor Memorial Rapid"]
[Site "Timisoara"]
[Date "2023.08.06"]
[Round "6"]
[White "Guz, Ari"]
[Black "Petkov, Momchil"]
[Result "0-1"]
[WhiteElo "2314"]
[BlackElo "2489"]
[PlyCount "86"]
[EventDate "2023.08.05"]
[EventType "swiss (rapid)"]
[EventRounds "10"]
[EventCountry "ROU"]
[SourceTitle "CBM 215 Extra"]
[Source "ChessBase"]
[SourceDate "2023.09.30"]
[SourceVersion "1"]
[SourceVersionDate "2023.09.30"]
[SourceQuality "1"]

1. Nf3 d5 2. g3 c5 3. Bg2 e6 4. d3 Nf6 5. 0-0 Nc6 6. Nc3 d4 7. Nb1 Be7 8. e4 e5 9. a4 Bg4 10. Na3 Nd7 11. h3 Be6 12. b3 g5 13. Nd2 h5 14. Ndc4 h4 15. g4 Nf8 16. Bd2 Ng6 17. Kh2 0-0 18. Bf3 Rb8 19. Qe1 b6 20. Rb1 a6 21. a5 b5 22. Nb6 c4 23. Ra1 c3 24. Bc1 Nxa5 25. Nd5 Nc6 26. Nxe7+ Qxe7 27. Nb1 a5 28. Na3 f6 29. Qe2 Qc5 30. Re1 Ra8 31. Rb1 Rfb8 32. Qd1 a4 33. Re2 Ra7 34. Kg1 axb3 35. cxb3 Rxa3 36. Bxa3 Qxa3 37. Ra1 Qxb3 38. Qc1 Nf4 39. Rea2 Nxd3 40. Qf1 c2 41. Ra6 Ndb4 42. R6a3 Qc4 43. Qc1 Nd3 0-1

[Event "Timisoara Foisor Memorial Rapid"]
[Site "Timisoara"]
[Date "2023.08.05"]
[Round "3"]
[White "Drazic, Sinisa"]
[Black "Guz, Ari"]
[Result "1/2-1/2"]
[WhiteElo "2330"]
[BlackElo "2314"]
[PlyCount "104"]
[EventDate "2023.08.05"]
[EventType "swiss (rapid)"]
[EventRounds "10"]
[EventCountry "ROU"]
[SourceTitle "CBM 215 Extra"]
[Source "ChessBase"]
[SourceDate "2023.09.30"]
[SourceVersion "1"]
[SourceVersionDate "2023.09.30"]
[SourceQuality "1"]

1. d4 d5 2. Bg5 Bf5 3. e3 Nc6 4. Bd3 Qd7 5. Nf3 f6 6. Bf4 g5 7. Bg3 0-0-0 8. Bxf5 Qxf5 9. Qd3 Qxd3 10. cxd3 h5 11. h3 Nh6 12. Nc3 Nf5 13. Ne2 e6 14. a3 a5 15. Kd2 Bh6 16. Kc2 Rd7 17. Rad1 Rdh7 18. Kb3 Rg8 19. Rc1 h4 20. Bh2 g4 21. hxg4 Rxg4 22. g3 Bxe3 23. fxe3 hxg3 24. Bxg3 Rxh1 25. Rxh1 a4+ 26. Ka2 Nxg3 27. Rg1 Nxe2 28. Rxg4 Nc1+ 29. Kb1 Nxd3 30. Rg6 e5 31. Rxf6 e4 32. Ng5 Kd7 33. Rf7+ Kd6 34. Rh7 Na5 35. Nf7+ Ke6 36. Nd8+ Kd6 37. Kc2 b5 38. Kc3 Nc4 39. Rh3 Ndxb2 40. Kb4 Nd1 41. Nb7+ Ke7 42. Rh7+ Kf6 43. Kxb5 Nxa3+ 44. Kxa4 Nc4 45. Kb4 Ncxe3 46. Kc5 Nb2 47. Na5 Nd3+ 48. Kc6 Nb4+ 49. Kxc7 Nf5 50. Nc6 Nc2 51. Rd7 e3 52. Rxd5 e2 1/2-1/2

[Event "Titled Tuesday intern op 01st Aug Early"]
[Site "Chess.com INT"]
[Date "2023.08.01"]
[Round "8"]
[White "Guz, Ari"]
[Black "Djordjevic, Vuk D"]
[Result "0-1"]
[WhiteElo "2314"]
[BlackElo "2373"]
[PlyCount "78"]
[EventDate "2023.08.01"]
[EventType "swiss (blitz)"]
[EventRounds "11"]
[EventCountry "USA"]
[SourceTitle "EXT 2024"]
[Source "ChessBase"]
[SourceDate "2023.10.10"]
[SourceVersion "1"]
[SourceVersionDate "2023.10.10"]
[SourceQuality "1"]

1. e4 e6 2. d4 d5 3. Nc3 Bb4 4. Nge2 dxe4 5. a3 Bxc3+ 6. Nxc3 Nc6 7. Bb5 Nge7 8. Nxe4 Qd5 9. Bd3 Qxd4 10. 0-0 Ng6 11. Bd2 0-0 12. Bc3 Qd5 13. Qe1 Nce5 14. Rd1 Nxd3 15. Rxd3 Qc6 16. Rh3 e5 17. Rh5 f6 18. f3 Nf4 19. Rh4 Bf5 20. Qe3 b6 21. Kh1 Rad8 22. h3 Rd7 23. Rxf4 exf4 24. Qxf4 Bxe4 25. fxe4 Qc4 26. Qf5 Rdf7 27. Kh2 Re8 28. Rf4 Qe6 29. Qh5 Ref8 30. Rh4 g6 31. Qh6 Re8 32. Rg4 Qd6+ 33. Kh1 Qc6 34. Qf4 Re6 35. h4 Qc5 36. Kh2 Rfe7 37. Bxf6 Rxe4 38. Qh6 Qd6+ 39. Kh3 Qxf6 0-1

[Event "Titled Tuesday intern op 01st Aug Early"]
[Site "Chess.com INT"]
[Date "2023.08.01"]
[Round "7"]
[White "Xu, Yi"]
[Black "Guz, Ari"]
[Result "0-1"]
[WhiteElo "2500"]
[BlackElo "2314"]
[PlyCount "76"]
[EventDate "2023.08.01"]
[EventType "swiss (blitz)"]
[EventRounds "11"]
[EventCountry "USA"]
[SourceTitle "EXT 2024"]
[Source "ChessBase"]
[SourceDate "2023.10.10"]
[SourceVersion "1"]
[SourceVersionDate "2023.10.10"]
[SourceQuality "1"]

1. d4 e6 2. c4 d5 3. Nf3 c6 4. e3 Nf6 5. b3 Ne4 6. Bd3 Bb4+ 7. Nbd2 Nd7 8. Bb2 f5 9. 0-0 Qf6 10. a3 Bd6 11. b4 0-0 12. b5 g5 13. Rc1 g4 14. Ne1 Qh4 15. f4 Rf6 16. Qe2 Rh6 17. g3 Nxg3 18. Qg2 Nxf1 19. Nxf1 Nf6 20. bxc6 bxc6 21. cxd5 cxd5 22. Rc6 Bf8 23. Nc2 Bd7 24. Rc7 Bd6 25. Rb7 Bc6 26. Rb3 Rb8 27. Rxb8+ Bxb8 28. Nb4 Be8 29. Qc2 Bd6 30. Qc8 Kf7 31. Qb7+ Kf8 32. Na6 g3 33. hxg3 Qh1+ 34. Kf2 Ng4+ 35. Ke2 Qg2+ 36. Ke1 Rh1 37. Bc1 Qf2+ 38. Kd1 Ba4+ 0-1

[Event "Titled Tuesday intern op 11th Jul Late"]
[Site "Chess.com INT"]
[Date "2023.07.11"]
[Round "6"]
[White "Guz, Ari"]
[Black "Zhigalko, Sergei"]
[Result "0-1"]
[WhiteElo "2334"]
[BlackElo "2572"]
[PlyCount "52"]
[EventDate "2023.07.11"]
[EventType "swiss (blitz)"]
[EventRounds "11"]
[EventCountry "USA"]
[SourceTitle "EXT 2024"]
[Source "ChessBase"]
[SourceDate "2023.10.10"]
[SourceVersion "1"]
[SourceVersionDate "2023.10.10"]
[SourceQuality "1"]

1. a3 e5 2. e4 Nf6 3. Nc3 Bc5 4. h3 d5 5. exd5 Nxd5 6. Bc4 Nf4 7. Qf3 Nc6 8. Nge2 0-0 9. 0-0 Ne6 10. Ne4 Ncd4 11. Nxd4 Nxd4 12. Qd3 Bf5 13. c3 Qh4 14. Re1 Nc2 15. Qxc2 Bxf2+ 16. Kf1 Bxe1 17. d3 Bxe4 18. dxe4 Bg3 19. Be3 b6 20. Kg1 Rad8 21. Rf1 Bf4 22. Bf2 Qg5 23. Bd5 c6 24. Bxc6 Rd2 25. Qb3 Be3 26. Bd5 Qg3 0-1

[Event "Titled Tuesday intern op 06th Jun Early"]
[Site "Chess.com INT"]
[Date "2023.06.06"]
[Round "5"]
[White "Guz, Ari"]
[Black "Alexikov, Alexander"]
[Result "1-0"]
[WhiteElo "2334"]
[BlackElo "2209"]
[PlyCount "83"]
[EventDate "2023.06.06"]
[EventType "swiss (blitz)"]
[EventRounds "11"]
[EventCountry "USA"]
[SourceTitle "EXT 2024"]
[Source "ChessBase"]
[SourceDate "2023.10.10"]
[SourceVersion "1"]
[SourceVersionDate "2023.10.10"]
[SourceQuality "1"]

1. b3 e5 2. e3 d6 3. Bb2 f5 4. d4 Qe7 5. Nf3 Nd7 6. c4 Ngf6 7. Nc3 e4 8. Nh4 g6 9. g3 Bg7 10. Ng2 c6 11. Nf4 Nf8 12. Bg2 Ne6 13. Nxe6 Bxe6 14. 0-0 0-0 15. a4 Rfd8 16. a5 d5 17. Qe2 Qf7 18. cxd5 Nxd5 19. Na4 b6 20. Rfc1 Qb7 21. Ba3 Bf8 22. Bxf8 Rxf8 23. Bf1 Rab8 24. Rab1 Nb4 25. Qd2 Nd5 26. b4 Rfd8 27. b5 cxb5 28. Rxb5 Rdc8 29. Rxc8+ Qxc8 30. axb6 axb6 31. Qb2 Qc6 32. Nc5 Bf7 33. Na6 Rb7 34. Nb4 Nxb4 35. Qxb4 Kg7 36. d5 Qc1 37. Qd4+ Kg8 38. d6 Ra7 39. d7 Rxd7 40. Qxd7 Bc4 41. Qc8+ Kg7 42. Qxc4 1-0

[Event "Titled Tuesday intern op 06th Jun Early"]
[Site "Chess.com INT"]
[Date "2023.06.06"]
[Round "3"]
[White "Guz, Ari"]
[Black "Mogirzan, Matei Valeriu"]
[Result "1-0"]
[WhiteElo "2334"]
[BlackElo "1813"]
[PlyCount "53"]
[EventDate "2023.06.06"]
[EventType "swiss (blitz)"]
[EventRounds "11"]
[EventCountry "USA"]
[SourceTitle "EXT 2024"]
[Source "ChessBase"]
[SourceDate "2023.10.10"]
[SourceVersion "1"]
[SourceVersionDate "2023.10.10"]
[SourceQuality "1"]

1. b3 Nc6 2. Bb2 e5 3. e4 f5 4. d3 Nf6 5. Nd2 Bc5 6. Qe2 Nd4 7. Qd1 0-0 8. exf5 d5 9. h3 Nxf5 10. Ngf3 e4 11. dxe4 dxe4 12. Bc4+ Kh8 13. Bxf6 Qe8 14. Be5 exf3 15. Nxf3 Nh4 16. Qe2 Nxg2+ 17. Kf1 Nf4 18. Qe4 Ng6 19. Re1 Bf5 20. Qd5 Bd6 21. Bxd6 Qd7 22. Bg3 Bxh3+ 23. Kg1 Qg4 24. Ng5 Rxf2 25. Kxf2 Nh4 26. Qg8+ Rxg8 27. Nf7# 1-0

[Event "Titled Tuesday intern op 06th Jun Early"]
[Site "Chess.com INT"]
[Date "2023.06.06"]
[Round "2"]
[White "Lenderman, Aleksandr"]
[Black "Guz, Ari"]
[Result "1-0"]
[WhiteElo "2566"]
[BlackElo "2334"]
[PlyCount "131"]
[EventDate "2023.06.06"]
[EventType "swiss (blitz)"]
[EventRounds "11"]
[EventCountry "USA"]
[SourceTitle "EXT 2024"]
[Source "ChessBase"]
[SourceDate "2023.10.10"]
[SourceVersion "1"]
[SourceVersionDate "2023.10.10"]
[SourceQuality "1"]

1. Nf3 Nf6 2. c4 c5 3. Nc3 Nc6 4. g3 g6 5. Bg2 Bg7 6. 0-0 0-0 7. d4 d6 8. d5 Na5 9. Nd2 a6 10. Qc2 Rb8 11. b3 b5 12. Bb2 bxc4 13. bxc4 Nd7 14. Rab1 Nb6 15. Nd1 Bxb2 16. Rxb2 Bd7 17. Ne3 Qc7 18. Rfb1 Na4 19. Rxb8 Rxb8 20. Nb3 Rb4 21. Be4 Nxb3 22. axb3 Nb6 23. Qa2 Nc8 24. Qxa6 Rb6 25. Qa5 Qb7 26. Qc3 Ba4 27. Bc2 Bd7 28. h4 h5 29. Ng2 Rb4 30. Nf4 Nb6 31. Ra1 Nc8 32. Ra3 Rb6 33. Bxg6 fxg6 34. Nxg6 Kf7 35. Nf4 Ra6 36. Rxa6 Qxa6 37. Nxh5 Bf5 38. Qf3 Qa1+ 39. Kg2 Kg6 40. e4 Bd7 41. Qf4 Qe5 42. g4 e6 43. Qf8 Qxe4+ 44. Kg3 Qe5+ 45. Nf4+ Kh7 46. Qf7+ Qg7 47. Qh5+ Kg8 48. dxe6 Bc6 49. Nd5 Bxd5 50. Qxd5 Qe5+ 51. Qxe5 dxe5 52. g5 Nd6 53. Kg4 Kf8 54. g6 Ke7 55. g7 Ne8 56. g8Q Nf6+ 57. Kf5 Nxg8 58. Kxe5 Nf6 59. f4 Ng4+ 60. Kd5 Ne3+ 61. Kxc5 Kxe6 62. b4 Nf5 63. h5 Ng3 64. h6 Ne4+ 65. Kc6 Nf6 66. b5 1-0

[Event "Titled Tuesday intern op 30th May Early"]
[Site "Chess.com INT"]
[Date "2023.05.30"]
[Round "8"]
[White "Guz, Ari"]
[Black "Martinez, Shawn"]
[Result "1-0"]
[WhiteElo "2324"]
[BlackElo "1881"]
[PlyCount "103"]
[EventDate "2023.05.30"]
[EventType "swiss (blitz)"]
[EventRounds "11"]
[EventCountry "USA"]
[SourceTitle "CBM 214 Extra"]
[Source "ChessBase"]
[SourceDate "2023.07.31"]
[SourceVersion "1"]
[SourceVersionDate "2023.07.31"]
[SourceQuality "1"]

1. a4 c5 2. a5 d5 3. e3 a6 4. d4 Nc6 5. dxc5 e5 6. Bd2 Bxc5 7. Nf3 Nf6 8. Be2 e4 9. Ng5 h6 10. Nh3 Bxh3 11. gxh3 d4 12. Na3 dxe3 13. Bxe3 Bxe3 14. fxe3 Qe7 15. Qd2 Rd8 16. Qc3 0-0 17. 0-0 Rd5 18. Rf4 Rg5+ 19. Kh1 Ne5 20. Nc4 Ng6 21. Rf2 Qe6 22. Bf1 Nh4 23. Rd1 Nf3 24. Bg2 Rc8 25. b3 Rcc5 26. Rd8+ Kh7 27. Bxf3 exf3 28. Qd3+ g6 29. Rxf3 Rcf5 30. Rxf5 Rxf5 31. Rd6 Qe7 32. Qd4 Ne4 33. Rd8 Nf2+ 34. Kg2 Qg5+ 35. Kf1 Nxh3+ 36. Ke2 Qg2+ 37. Kd3 Nf2+ 38. Kc3 Ne4+ 39. Kb2 Nf6 40. Nd6 Rf2 41. Nxf7 Rxc2+ 42. Ka3 Ra2+ 43. Kb4 Qc6 44. Qc5 Qxc5+ 45. Kxc5 Ne4+ 46. Kb6 Rb2 47. Rd3 Kg7 48. Ne5 Nd2 49. Kxb7 Nxb3 50. Rd7+ Kf6 51. Nd3 Nc5+ 52. Kc6 1-0

[Event "Titled Tuesday intern op 23rd May Late"]
[Site "Chess.com INT"]
[Date "2023.05.23"]
[Round "7"]
[White "Guz, Ari"]
[Black "Einarsson, Halldor Gretar"]
[Result "1-0"]
[WhiteElo "2324"]
[BlackElo "2218"]
[PlyCount "65"]
[EventDate "2023.05.23"]
[EventType "swiss (blitz)"]
[EventRounds "11"]
[EventCountry "USA"]
[SourceTitle "EXT 2024"]
[Source "ChessBase"]
[SourceDate "2023.10.10"]
[SourceVersion "1"]
[SourceVersionDate "2023.10.10"]
[SourceQuality "1"]

1. a4 Nf6 2. Ra3 g6 3. h4 Bg7 4. e3 c5 5. Be2 Nc6 6. h5 0-0 7. hxg6 fxg6 8. Nf3 e5 9. d4 e4 10. Ng5 h6 11. Nh3 b6 12. dxc5 bxc5 13. Nc3 d5 14. Nf4 d4 15. exd4 cxd4 16. Nb5 Kh7 17. Nh3 e3 18. fxe3 Ne4 19. exd4 Qh4+ 20. g3 Nxg3 21. Ng5+ Qxg5 22. Bxg5 Nxh1 23. Bf3 Bg4 24. Bxg4 Nf2 25. Qe2 Rae8 26. Re3 Rxe3 27. Bxe3 Nxg4 28. Qxg4 a6 29. Nd6 Rf6 30. Ne4 Rf5 31. c3 h5 32. Ng5+ Kg8 33. Qe4 1-0

[Event "Titled Tuesday intern op 23rd May Early"]
[Site "Chess.com INT"]
[Date "2023.05.23"]
[Round "4"]
[White "Guz, Ari"]
[Black "Singgih, Diajeng Theresa"]
[Result "1-0"]
[WhiteElo "2324"]
[BlackElo "1853"]
[PlyCount "87"]
[EventDate "2023.05.23"]
[EventType "swiss (blitz)"]
[EventRounds "11"]
[EventCountry "USA"]
[SourceTitle "CBM 214 Extra"]
[Source "ChessBase"]
[SourceDate "2023.07.31"]
[SourceVersion "1"]
[SourceVersionDate "2023.07.31"]
[SourceQuality "1"]

1. e4 e5 2. Nf3 Nc6 3. Bc4 Bc5 4. c3 Nf6 5. d4 exd4 6. cxd4 Bb4+ 7. Nc3 Nxe4 8. d5 Bxc3+ 9. bxc3 Ne7 10. 0-0 0-0 11. Qd4 Nd6 12. Bd3 Ndf5 13. Qf4 d6 14. c4 Ng6 15. Qd2 Ne5 16. Nxe5 dxe5 17. Bb2 f6 18. Qc2 Qd7 19. c5 g6 20. c6 Qd6 21. a4 Qd8 22. Rab1 bxc6 23. Ba3 Re8 24. Qxc6 Bd7 25. Qc4 Nd6 26. Qc3 e4 27. Be2 Rc8 28. Ba6 Rb8 29. Rbc1 Bxa4 30. Qa5 Bb5 31. Bxb5 Nxb5 32. Bb2 Qxd5 33. Bxf6 c6 34. Ba1 Rf8 35. Rfd1 Qf5 36. Qd2 Nc7 37. Rc2 Ne6 38. Qc3 Rbd8 39. Qh8+ Kf7 40. Qxh7+ Ke8 41. Rxd8+ Kxd8 42. Rd2+ Kc8 43. Qd7+ Kb8 44. Rb2+ 1-0

[Event "Titled Tuesday intern op 23rd May Early"]
[Site "Chess.com INT"]
[Date "2023.05.23"]
[Round "6"]
[White "Vargas, Gabriela"]
[Black "Guz, Ari"]
[Result "0-1"]
[WhiteElo "2071"]
[BlackElo "2324"]
[PlyCount "136"]
[EventDate "2023.05.23"]
[EventType "swiss (blitz)"]
[EventRounds "11"]
[EventCountry "USA"]
[SourceTitle "CBM 214 Extra"]
[Source "ChessBase"]
[SourceDate "2023.07.31"]
[SourceVersion "1"]
[SourceVersionDate "2023.07.31"]
[SourceQuality "1"]

1. d4 Nf6 2. Nf3 e6 3. Bg5 a6 4. Nbd2 Be7 5. c3 b5 6. e4 Bb7 7. Bd3 d6 8. Qe2 c5 9. 0-0 Nbd7 10. Rfe1 h6 11. Bh4 Nh5 12. Bg3 Nxg3 13. hxg3 0-0 14. a4 b4 15. Nc4 Rc8 16. Rac1 Nb6 17. Nxb6 Qxb6 18. Bb1 cxd4 19. cxd4 d5 20. e5 a5 21. Qd3 g6 22. Qe3 Kg7 23. Nh4 Rxc1 24. Rxc1 Rc8 25. Rxc8 Bxc8 26. Qc1 Bd7 27. Nf3 Bxa4 28. Qc8 Qc6 29. Qxc6 Bxc6 30. Bd3 a4 31. Nd2 a3 32. bxa3 bxa3 33. Bb1 Bb4 34. Nb3 Bc3 35. Ba2 Ba4 36. f4 g5 37. Kf1 Bxb3 38. Bxb3 Bxd4 39. Ke2 Kg6 40. Kf3 h5 41. Ba2 h4 42. Bb1+ Kh6 43. g4 gxf4 44. Kxf4 Kg7 45. g5 Bf2 46. Kg4 Bg3 47. Ba2 Bxe5 48. Kxh4 Bb2 49. Kg4 Kf8 50. Kf3 Ke7 51. g4 Bc1 52. g6 fxg6 53. Ke2 Kd6 54. Kd3 Bb2 55. Kc2 e5 56. Kb3 Kc5 57. Bb1 e4 58. Ka2 Kd4 59. Bc2 Ke3 60. Kb1 d4 61. Bb3 d3 62. Bf7 Kd2 63. Bxg6 e3 64. Ka2 e2 65. g5 e1Q 66. Bxd3 Qe6+ 67. Kb1 Qb3 68. Bc4 a2# 0-1

[Event "Titled Tuesday intern op 16th May Late"]
[Site "Chess.com INT"]
[Date "2023.05.16"]
[Round "5"]
[White "Fernandez Siles, Luis"]
[Black "Guz, Ari"]
[Result "0-1"]
[WhiteElo "2218"]
[BlackElo "2324"]
[PlyCount "88"]
[EventDate "2023.05.16"]
[EventType "swiss (blitz)"]
[EventRounds "11"]
[EventCountry "USA"]
[SourceTitle "CBM 214 Extra"]
[Source "ChessBase"]
[SourceDate "2023.07.31"]
[SourceVersion "1"]
[SourceVersionDate "2023.07.31"]
[SourceQuality "1"]

1. e4 Nf6 2. e5 Nd5 3. c4 Nb6 4. c5 Nd5 5. d4 d6 6. cxd6 exd6 7. Nf3 Be7 8. Bc4 Nb6 9. Bb3 0-0 10. h3 Nc6 11. exd6 Bxd6 12. 0-0 Bf5 13. Nc3 Qd7 14. Re1 h6 15. Bc2 Rad8 16. Bxf5 Qxf5 17. Be3 Nc4 18. Qe2 Nxe3 19. fxe3 Rfe8 20. e4 Qf4 21. Rad1 Bb4 22. a3 Ba5 23. d5 Ne5 24. Nxe5 Rxe5 25. Qf3 Qg5 26. Kh2 Rde8 27. b4 Bb6 28. Na4 Qe7 29. Nxb6 axb6 30. Rc1 Qd6 31. Qg3 f5 32. Re3 g5 33. Rec3 f4 34. Qg4 Rxe4 35. Rxc7 f3+ 36. Qg3 Qxg3+ 37. Kxg3 fxg2 38. Kxg2 Re2+ 39. Kf3 R8e3+ 40. Kg4 Re7 41. d6 R7e4+ 42. Kf5 Re5+ 43. Kg6 Re6+ 44. Kh5 Rxd6 0-1

[Event "Titled Tuesday intern op 09th May Late"]
[Site "Chess.com INT"]
[Date "2023.05.09"]
[Round "4"]
[White "Koellner, Ruben Gideon"]
[Black "Guz, Ari"]
[Result "0-1"]
[WhiteElo "2426"]
[BlackElo "2324"]
[PlyCount "78"]
[EventDate "2023.05.09"]
[EventType "swiss (blitz)"]
[EventRounds "11"]
[EventCountry "USA"]
[SourceTitle "CBM 214 Extra"]
[Source "ChessBase"]
[SourceDate "2023.07.31"]
[SourceVersion "1"]
[SourceVersionDate "2023.07.31"]
[SourceQuality "1"]

1. d4 Nf6 2. Nf3 g6 3. Nbd2 d5 4. e3 Bg7 5. b4 0-0 6. c4 dxc4 7. Bxc4 b6 8. Bb2 Bb7 9. 0-0 Nbd7 10. b5 Ne4 11. Nxe4 Bxe4 12. Rc1 Rc8 13. Ng5 Bb7 14. Qb3 e6 15. Bxe6 Qxg5 16. f3 fxe6 17. Qxe6+ Rf7 18. e4 Nf8 19. Qc4 Rd8 20. Rc2 Qe3+ 21. Kh1 Bc8 22. d5 Bxb2 23. Rxb2 g5 24. Re2 Qc5 25. Qxc5 bxc5 26. Rc2 Nd7 27. Re1 Re7 28. Re3 Bb7 29. Rd3 Ne5 30. Ra3 g4 31. Rxc5 Bxd5 32. Kg1 Bf7 33. Rxa7 gxf3 34. gxf3 Nxf3+ 35. Kf2 Nd2 36. Rcxc7 Nxe4+ 37. Ke3 Rxc7 38. Rxc7 Nf6 39. b6 Nd5+ 0-1

[Event "Titled Tuesday intern op 02nd May Late"]
[Site "Chess.com INT"]
[Date "2023.05.02"]
[Round "5"]
[White "Bogaudinov, Rushan"]
[Black "Guz, Ari"]
[Result "1-0"]
[WhiteElo "1939"]
[BlackElo "2324"]
[PlyCount "85"]
[EventDate "2023.05.02"]
[EventType "swiss (blitz)"]
[EventRounds "11"]
[EventCountry "USA"]
[SourceTitle "EXT 2024"]
[Source "ChessBase"]
[SourceDate "2023.10.10"]
[SourceVersion "1"]
[SourceVersionDate "2023.10.10"]
[SourceQuality "1"]

1. e4 Nf6 2. e5 Nd5 3. Nf3 d6 4. d4 Bg4 5. h3 Bh5 6. Bc4 Nb6 7. Bb3 Nc6 8. e6 d5 9. exf7+ Bxf7 10. 0-0 e6 11. Ng5 Bd6 12. Nxf7 Kxf7 13. Nc3 Qf6 14. Be3 Rhf8 15. a4 Na5 16. Nb5 Kg8 17. Nxd6 cxd6 18. Qd2 Nbc4 19. Bxc4 Nxc4 20. Qe2 Rac8 21. c3 Qg6 22. a5 a6 23. Bc1 Rf6 24. b3 Nxa5 25. Rxa5 Rxc3 26. Be3 Rxb3 27. Rc1 h6 28. Ra2 Rb1 29. Rac2 Rxc1+ 30. Rxc1 b5 31. Qa2 Qe4 32. Qxa6 Rg6 33. g4 Qf3 34. Rc8+ Kh7 35. Qa8 Rf6 36. Rh8+ Kg6 37. Qe8+ Rf7 38. Rf8 Qf6 39. h4 Qe7 40. h5+ Kf6 41. Rxf7+ Qxf7 42. g5+ hxg5 43. Bxg5+ 1-0

[Event "Titled Tuesday intern op 11th Apr Early"]
[Site "Chess.com INT"]
[Date "2023.04.11"]
[Round "2"]
[White "Guz, Ari"]
[Black "Klepikov, Nikita"]
[Result "1-0"]
[WhiteElo "2318"]
[BlackElo "2063"]
[PlyCount "53"]
[EventDate "2023.04.11"]
[EventType "swiss (blitz)"]
[EventRounds "11"]
[EventCountry "USA"]
[SourceTitle "CBM 213 Extra"]
[Source "ChessBase"]
[SourceDate "2023.05.31"]
[SourceVersion "1"]
[SourceVersionDate "2023.05.31"]
[SourceQuality "1"]

1. h4 d5 2. h5 e5 3. d4 e4 4. h6 Nxh6 5. Bxh6 gxh6 6. c4 c6 7. Nc3 Bg7 8. e3 0-0 9. Nge2 Bg4 10. Qb3 Nd7 11. cxd5 Nf6 12. Nf4 cxd5 13. Nfxd5 Nxd5 14. Qxd5 Qxd5 15. Nxd5 Rfd8 16. Nc3 a6 17. Nxe4 Re8 18. Bd3 Bxd4 19. exd4 f5 20. f3 fxe4 21. fxe4 Bf5 22. Bc4+ Kg7 23. e5 Rac8 24. Bb3 Rcd8 25. Rd1 b5 26. Kf2 Rf8 27. Ke3 1-0

[Event "Rishon Le Ziyyon-ch U18"]
[Site "Rishon Le Ziyyon"]
[Date "2023.03.29"]
[Round "2"]
[White "Guz, Ari"]
[Black "Sokolovsky, Yahli"]
[Result "1-0"]
[WhiteElo "2318"]
[BlackElo "2476"]
[PlyCount "111"]
[EventDate "2023.03.28"]
[EventType "swiss"]
[EventRounds "9"]
[EventCountry "ISR"]
[SourceTitle "CBM 213 Extra"]
[Source "ChessBase"]
[SourceDate "2023.05.31"]
[SourceVersion "1"]
[SourceVersionDate "2023.05.31"]
[SourceQuality "1"]

1. d4 Nf6 2. c4 g6 3. Nc3 Bg7 4. e4 d6 5. h3 Nbd7 6. Be3 e5 7. d5 h5 8. b4 a5 9. a3 Bh6 10. Bxh6 Rxh6 11. h4 Kf8 12. Bd3 Kg7 13. Nf3 Nf8 14. Qc1 Bg4 15. Ng5 Qe7 16. f3 Bd7 17. Qb2 b6 18. 0-0-0 Rh8 19. Qd2 N8h7 20. Nxh7 Nxh7 21. Kb2 Ra7 22. Qf2 Rha8 23. Ra1 Qf6 24. Qg3 Kg8 25. Rhc1 Qg7 26. Qf2 Qh6 27. Qe1 Qf4 28. b5 Rf8 29. Qf2 Nf6 30. Rf1 Raa8 31. Kc2 Rae8 32. g3 Qh6 33. Rad1 Bc8 34. c5 bxc5 35. b6 cxb6 36. Rb1 Nd7 37. Nb5 Ba6 38. Nxd6 c4 39. Be2 Rd8 40. Rfc1 Qg7 41. Bxc4 Qf6 42. Bxa6 Qxd6 43. Qe3 Nc5 44. Bc4 f5 45. Qh6 Rb8 46. Rg1 Na4 47. exf5 Rxf5 48. g4 hxg4 49. Rxg4 Rf6 50. Rbg1 Kf7 51. Rxg6 Rc8 52. Qh7+ Ke8 53. Rg8+ Rf8 54. Rxf8+ Qxf8 55. Rg8 Rxc4+ 56. Kb3 1-0

[Event "Titled Tuesday intern op 10th Jan Early"]
[Site "Chess.com INT"]
[Date "2023.01.10"]
[Round "2"]
[White "Bachmann, Axel"]
[Black "Guz, Ari"]
[Result "1-0"]
[WhiteElo "2604"]
[BlackElo "2306"]
[PlyCount "105"]
[EventDate "2023.01.10"]
[EventType "swiss (blitz)"]
[EventRounds "11"]
[EventCountry "USA"]
[SourceTitle "EXT 2024"]
[Source "ChessBase"]
[SourceDate "2023.10.10"]
[SourceVersion "1"]
[SourceVersionDate "2023.10.10"]
[SourceQuality "1"]

1. e4 Nf6 2. d3 e5 3. Nf3 Nc6 4. g3 d5 5. exd5 Nxd5 6. Bg2 f6 7. 0-0 Be6 8. Re1 Bc5 9. c3 0-0 10. d4 Bb6 11. c4 Ndb4 12. d5 Bf5 13. Nh4 Bc2 14. Qd2 Nd3 15. Rf1 Nd4 16. Na3 Nxc1 17. Raxc1 Bg6 18. Nxg6 hxg6 19. c5 Ba5 20. Qxa5 Ne2+ 21. Kh1 Nxc1 22. Rxc1 b6 23. Qd2 Rb8 24. d6 bxc5 25. Bd5+ Kh7 26. Rc4 g5 27. Qc2+ g6 28. Rxc5 Qxd6 29. Rxc7+ Kh6 30. Bf3 Rxb2 31. Qxb2 Qxc7 32. Qd2 Rd8 33. Qe3 a6 34. h4 Rd4 35. hxg5+ fxg5 36. Nb1 Kg7 37. Nc3 g4 38. Be4 Qc4 39. Kg2 a5 40. Bb1 Qc6+ 41. Kh2 Qf6 42. Ne4 Qf8 43. Qg5 Rxe4 44. Bxe4 Qxf2+ 45. Bg2 Qf6 46. Qxf6+ Kxf6 47. Be4 g5 48. Kg2 Ke7 49. Kf2 Kd6 50. Ke3 Kc5 51. Bf5 Kb4 52. Bxg4 Ka3 53. Be6 1-0